000
00297nam a2200121Ia 4500
008
190216s9999||||xx |||||||||||||| ||und||
100
_a
Verma Sk
245
0
_a
Objective Type And Short Answers In Commerce
260
_b
Young Man & Co
_c
1985
300
_a
227p
650
_a
Commerce
942
_c
REF
999
_c
35579
_d
35579